| Поле | Инд. | ПП | Название | Значение |
|---|---|---|---|---|
| Тип записи | a | |||
| Библиографический уровень | m | |||
| 001 | Контрольный номер | RU\SOUB\books\110355 | ||
| 005 | Дата корректировки | 20170725161108.0 | ||
| 008 | Кодируемые данные | 020323s1953 ru a 000 0 rus u | ||
| 040 | a | Служба первич. каталог. | 63413515 | |
| a | Служба первич. каталог. | НБ ТвГУ | ||
| e | Правила каталог. | PSBO | ||
| 044 | a | Код страны публикации | ru | |
| 080 | a | Индекс УДК | 711.03(470) | |
| 084 | a | Индекс другой классификации/Индекс ББК | Щ113(2Рос=411.2)3 | |
| 084 | a | Индекс другой классификации/Индекс ББК | Щ118.3(2Рос=411.2)3 | |
| 090 | a | Полочн. индекс | 711 | |
| x | Авторский знак | Т 26 | ||
| 100 | 1_ | a | Автор | Тверской Лев Михайлович |
| d | Дата | 1889-1972 | ||
| q | Полное имя | Тверской Л. М. | ||
| 245 | 10 | a | Заглавие | Русское градостроительство до конца XVII века |
| b | Продолж. заглавия | планировка и застройка русских городов | ||
| c | Ответственность | под ред Н.Б. Бакланова | ||
| 246 | 01 | a | Другая форма заглавия | Планировка и застройка русских городов |
| 260 | a | Место издания | Москва | |
| a | Место издания | Ленинград | ||
| b | Издательство | Стройиздат | ||
| c | Дата издания | 1953 | ||
| 300 | a | Объем | 214 с. | |
| b | Иллюстрации/ тип воспроизводства | ил. | ||
| c | Размеры | 30 см | ||
| 653 | 0_ | a | Ключевые слова | Архитектура |
| a | Ключевые слова | Градостроительство | ||
| a | Ключевые слова | Древнерусские города | ||
| a | Ключевые слова | Древняя Русь | ||
| a | Ключевые слова | Изобразительное искусство | ||
| a | Ключевые слова | Искусство | ||
| a | Ключевые слова | История архитектуры | ||
| a | Ключевые слова | История градостроительства | ||
| a | Ключевые слова | История Древней Руси | ||
| a | Ключевые слова | История России | ||
| a | Ключевые слова | Русская архитектура | ||
| a | Ключевые слова | Русское градостроительство | ||
| 700 | 1_ | a | Другие авторы | Бакланов Николай Борисович |
| e | Роль лиц | ред. | ||
| 852 | 41 | x | Примечание, не предназначенное для пользователя | Семенов А. Н., дар |
| 920 | a | Оператор | Хохл | |
| 952 | c | Вид литературы | К рн | |
| 954 | a | Дата поступления на обработку | 20101228 |